Against the Kitchen Floor Lyrics - Will Wood - Statistics

General Stats
  • This quiz has been taken 44 times
  • The average score is 363 of 500
Answer Stats
Answer % Correct
****
100%
*******
100%
a
100%
And
100%
and
100%
be
100%
But
100%
but
100%
do
100%
For
100%
for
100%
I
100%
I'm
100%
So
100%
so
100%
sorry
100%
Sorry
100%
When
100%
can't
95%
don't
95%
Don't
95%
go
95%
heart
95%
my
95%
the
95%
The
95%
you
95%
your
95%
body
90%
head
90%
know
90%
on
90%
real
90%
really
90%
at
85%
die
85%
ever
85%
how
85%
How
85%
of
85%
owe
85%
that
85%
That
85%
to
85%
against
80%
any
80%
arm's
80%
arms
80%
Because
80%
have
80%
in
80%
just
80%
kitchen
80%
more
80%
Than
80%
than
80%
we
80%
care
75%
cause
75%
'Cause
75%
could
75%
down
75%
floor
75%
life
75%
me
75%
much
75%
quicksand
75%
say
75%
should
75%
yours
75%
alone
70%
Did
70%
did
70%
entering
70%
footprints
70%
gravity
70%
Less
70%
less
70%
like
70%
live
70%
not
70%
Or
70%
or
70%
person
70%
tell
70%
trying
70%
with
70%
you're
70%
Apologizing
65%
being
65%
careless
65%
couldn't
65%
deep
65%
erotic
65%
harm
65%
it
65%
It
65%
make
65%
Maybe
65%
own
65%
pounding
65%
still
65%
this
65%
went
65%
anybody
60%
arc
60%
even
60%
give
60%
good
60%
got
60%
I'll
60%
knows
60%
Lord
60%
scars
60%
shelf
60%
swear
60%
up,
60%
up
60%
virgin
60%
want
60%
Will
60%
will
60%
you've
60%
all
55%
are
55%
barely
55%
best
55%
Bottom
55%
catatonic
55%
Crying,
55%
from
55%
hand
55%
haven't
55%
hold
55%
human
55%
keep
55%
length
55%
pretty
55%
promise
55%
redemption
55%
sure
55%
too
55%
what
55%
who
55%
as
50%
before
50%
branch
50%
climb
50%
crush
50%
doing
50%
hang
50%
high
50%
learned
50%
Oh
50%
products
50%
shake
50%
vertex
50%
yet
50%
capable
45%
diamond
45%
lonely
45%
love
45%
normal
45%
only
45%
rough
45%
searching
45%
thing
45%
trust
45%
closest
40%
company
40%
cure
40%
fail
40%
hide
40%
Honestly
40%
honestly
40%
morbid
40%
people
40%
perfect
40%
process
40%
progress
40%
rare
40%
reassure
40%
scarce
40%
sort
40%
why
40%
would
40%
back
35%
coal
35%
either
35%
enough
35%
foreign
35%
gave
35%
it's
35%
I've
35%
locket
35%
making
35%
now
35%
objects
35%
off
35%
picture
35%
pin
35%
Unlikely
35%
where
35%
better
30%
clothes
30%
come
30%
died
30%
drama
30%
exposed
30%
gone
30%
home
30%
if
30%
knives
30%
left
30%
let
30%
lived
30%
lives
30%
mirrors
30%
monkey
30%
natural
30%
nobody'd
30%
notice
30%
quite
30%
side
30%
someday
30%
take
30%
thought
30%
view
30%
Will's
30%
wrench
30%
you'd
30%
about
25%
friends
25%
Get
25%
ghost
25%
song
25%
think
25%
together
25%
has
20%
improvement's
20%
possible
20%
prove
20%
wanna
20%
write
20%
0%
No matching quizzes found
Score Distribution
Percent of People with Each Score
Percentile by Number Answered
Your Score History
You have not taken this quiz